[Event "LTU-chT Final-B 0607"]
[Site "Vilnius"]
[Date "2007.05.20"]
[Round "3.4"]
[White "Mirauskas, Edvinas"]
[Black "Lasinskas, Povilas"]
[Result "0-1"]
[WhiteElo "1811"]
[BlackElo "2181"]
[PlyCount "36"]
[EventDate "2007.05.19"]
[EventType "team-k.o."]
[EventRounds "3"]
[EventCountry "LTU"]
[SourceTitle "EXT 2022"]
[Source "ChessBase"]
[SourceDate "2021.10.06"]
[SourceVersion "1"]
[SourceVersionDate "2021.10.06"]
[SourceQuality "1"]
[WhiteTeam "Siauliai Dubysa"]
[BlackTeam "Kaunas Margiris"]
[WhiteTeamCountry "LTU"]
[BlackTeamCountry "LTU"]

1. e4 e5 2. Nf3 d6 3. d4 Nd7 4. Bc4 c6 5. Ng5 Nh6 6. Nf3 Qf6 7. 0-0 Nb6 8. dxe5 dxe5 9. Bg5 Qd6 10. Nxe5 Qxd1 11. Rxd1 f6 12. Bxh6 fxe5 13. Bg5 Bg4 14. f3 Bc5+ 15. Kf1 Nxc4 16. fxg4 0-0+ 17. Ke1 Nxb2 18. Rd2 Rf7 0-1

[Event "LTU-chT Final-B 0607"]
[Site "Vilnius"]
[Date "2007.05.19"]
[Round "2.4"]
[White "Drozdov, Sergej"]
[Black "Mirauskas, Edvinas"]
[Result "1-0"]
[WhiteElo "2224"]
[BlackElo "1811"]
[PlyCount "69"]
[EventDate "2007.05.19"]
[EventType "team-k.o."]
[EventRounds "3"]
[EventCountry "LTU"]
[SourceTitle "EXT 2022"]
[Source "ChessBase"]
[SourceDate "2021.10.06"]
[SourceVersion "1"]
[SourceVersionDate "2021.10.06"]
[SourceQuality "1"]
[WhiteTeam "Klaipeda Bokstas"]
[BlackTeam "Siauliai Dubysa"]
[WhiteTeamCountry "LTU"]
[BlackTeamCountry "LTU"]

1. Nf3 d5 2. g3 c5 3. Bg2 Nc6 4. d4 e6 5. 0-0 Nf6 6. c4 dxc4 7. Qa4 cxd4 8. Nxd4 Qxd4 9. Bxc6+ Bd7 10. Bxd7+ Qxd7 11. Qxc4 Be7 12. Nc3 Rc8 13. Qb3 0-0 14. Rd1 Qc6 15. Be3 a6 16. Rac1 b5 17. a4 Qc4 18. Qxc4 Rxc4 19. axb5 axb5 20. b3 Rb4 21. Rb1 Rc8 22. Rd3 h6 23. f3 Nd5 24. Nxd5 exd5 25. Bd2 d4 26. Kf1 Kf8 27. Bxb4 Bxb4 28. Rxd4 Be7 29. b4 Rb8 30. Rd5 g6 31. e4 f6 32. Ke2 Kf7 33. Kd3 Ke6 34. Kc3 f5 35. Kb3 1-0